LIBRARY & INFORMATION CENTRE, KCAET, TAVANUR

ONLINE PUBLIC ACCESS CATALOGUE (OPAC)

Food Hygine and Sanitation (Record no. 14569)

MARC details
000 -LEADER
fixed length control field 00294nam a22001217a 4500
020 ## - INTERNATIONAL STANDARD BOOK NUMBER
ISBN 9789382835080
082 ## - DEWEY DECIMAL CLASSIFICATION NUMBER
Classification number 664.02.
Item number SRI/FO
100 ## - MAIN ENTRY--AUTHOR NAME
Personal name Srivastava,Anandita
245 ## - TITLE STATEMENT
Title Food Hygine and Sanitation
260 ## - PUBLICATION, DISTRIBUTION, ETC. (IMPRINT)
Place of publication New Delhi
Name of publisher Axis Books Pvt. Ltd
Year of publication 2013
300 ## - PHYSICAL DESCRIPTION
Number of Pages 256
942 ## - ADDED ENTRY ELEMENTS (KOHA)
Koha item type Books
Holdings
Withdrawn status Lost status Damaged status Collection code Home library Current library Shelving location Date acquired Source of acquisition Cost, normal purchase price Full call number Accession Number Koha item type
        KAUAET KAUAET General Stacks 18/07/2016 Ganesh Book Center Trivanrum 950.00 664.02. SRI/FO 24856 Books
free website counter